| 000 | 00658nam a2200205Ia 4500 | ||
|---|---|---|---|
| 003 | OSt | ||
| 005 | 20250305151705.0 | ||
| 008 | 210210b1980 xxu||||| |||| 00| 0 eng d | ||
| 040 | _cAL | ||
| 041 | _aKannada | ||
| 082 | _a398.2K VIVT | ||
| 100 |
_aVIVEKA RAI (B A). _9142797 _dವಿವೇಕ ರೈ (ಬಿ ಎ) |
||
| 245 |
_aTuluva adhyayana: kelavu vicharagalu _bತುಳುವ ಅಧ್ಯಯನ: ಕೆಲವು ವಿಚಾರಗಳು |
||
| 260 |
_aMangaluru. _bTuluva Prakashana., _c1980 |
||
| 300 | _a85 | ||
| 650 |
_aPaddana, Panjurli, Tulukabite, Ural, Meraru _9142798 |
||
| 690 |
_aFolklore _9142799 |
||
| 906 | _aSG03028 | ||
| 942 |
_2ddc _cBK |
||
| 999 |
_c114079 _d114079 |
||